| 000 | 00448nam a22001697a 4500 | ||
|---|---|---|---|
| 005 | 20251108174824.0 | ||
| 008 | 250721s2009 xx 000 0 eng d | ||
| 082 | 1 | 4 | _a214.2/ASH |
| 100 | 1 | _aAl-Ashqar, Umar s. | |
| 245 | 1 | 4 | _aThe Perfect names Of ALLAH / |
| 246 | 1 | 1 | _aأسماء الله الحسنى |
| 264 | 1 |
_aAmman : _bDar Al-Nafaes, _c2009. |
|
| 300 | _a413P. | ||
| 650 | 1 | 7 | _aMOST BEAUTIFUL NAMES |
| 942 |
_2ddc _cBK |
||
| 999 |
_c118956 _d118956 |
||